000 00690nam a22001817a 4500
999 _c18760
_d18760
008 240125b ||||| |||| 00| 0 eng d
020 _a9780367491642
082 _22023
_aDC 353.7211
_bW871
100 _aWoodward, Simon C.
_950820
245 _aWorld heritage :
_bconcepts, management and conservation /
_cSimon C. Woodward and Louise Cooke.
260 _aNew York :
_bRoutledge,
_c©2023.
300 _axiii, 236 pages :
_billustrations ;
_c23 cm.
500 _aIncludes references and index.
650 _aWorld Heritage areas
_xManagement.
_951817
650 _aWorld Heritage areas
_xConservation and restoration.
_951818
700 _aCooke, Louise.
_eauthor.
_950821
942 _2ddc
_cDC